000 00598nam a2200205Ia 4500
003 GCL
008 140319s9999 xx 000 0 ara d
040 _aGCL /
_cGCL
082 0 4 _a891.4
_bف م
100 1 _aفارايان، ر. ك
245 1 0 _aملحمة رامايانا /
_cفارايان، ر. ك
700 1 _aجوزيف نادر بولس
300 _a261 ص
490 _a
650 0 4 _aالادب الهندى
650 0 4 _aالقصص الهندية
650 0 4 _aالادب الهندى المترجم
650 0 4 _aالقصص الهندية المترجمة
942 _2ddc
_cBK
999 _c43197
_d43197